000 00299nam a22001337a 4500
008 170220b xxu||||| |||| 00| 0 eng d
020 _a9781284031393
041 _aeng
080 _22ND
_a615
100 _a5
101 _aSHF
245 _aMATH FOR PHARMACY TECHNICIANS
_cZENTZ, L
942 _2udc
_cBK
999 _c5890
_d5890